00317nam a2200133 a 450008200130000010000160001324500170002926000350004630000080008150000350008950500270012465000160015170000160016700a239bABD aAbdul, Haqq aKalam-E-Haqq aLahorebMahan Singh Baghc1930 a46p aincludes index and biblioraphy2 aPlus Some Other Tracts aApologetics1 aAbdul, Haqq